| 000 | 01464cam a2200253 4500 | ||
|---|---|---|---|
| 001 | ##L134436 | ||
| 008 | 060807n2006 000 0 eng u | ||
| 020 | _a010294234X | ||
| 035 | _a(Sirsi) u134436 | ||
| 041 | 0 | _aeng | |
| 050 | 0 | 4 | _a614.76 $2 18 |
| 110 | 1 |
_aUnited Kingdom _bNational Audit Office _91350 |
|
| 245 | 0 | 0 | _aReducing the reliance on landfill in England: report by the Comptroller and Auditor General |
| 260 |
_aLondon _bTSO _c2006 |
||
| 490 | 0 |
_aHouse of Commons Paper _vHC 1177 2005-2006 |
|
| 520 | _aReports on the overreliance on landfill in England. Recommends that England needs to reduce the amount of biodegradable municipal waste disposed of through landfill. Proposes that earlier delays in taking action have made EU targets more difficult to achieve and warns that without a step change in existing local authority plans, England will not achieve its share of the reductions in landfill the EU requires by 2010 and 2013. Suggests that recycling and minimisation need to contribute more to reducing the amount of biodegradable municipal waste sent to landfill. | ||
| 590 | _aIKA010806 NTK | ||
| 650 | 2 | 4 | _aDIRECTIVE 99/31/EC |
| 651 | 4 |
_aEngland _y886- |
|
| 690 | _aENVIRONMENTAL AND LAND CONSULTANCY-WASTE MANAGEMENT | ||
| 710 | 1 |
_aUnited Kingdom _bDepartment for Environment, Food and Rural Affairs |
|
| 856 | 4 | 0 |
_uhttps://www.nao.org.uk/pn/05-06/05061177.htm _zView the report free of charge at www.nao.org.uk... |
| 942 | _n0 | ||
| 999 |
_c105671 _d105671 |
||